| 000 | 00854cam a2200265 a 4500 | ||
|---|---|---|---|
| 999 |
_c4279 _d4279 |
||
| 001 | 4750102 | ||
| 003 | GZU | ||
| 005 | 20210617115831.0 | ||
| 008 | 850308s1986 maua b 001 0 eng | ||
| 010 | _a 85006022 | ||
| 020 |
_a8178084244 _c$24.95 |
||
| 040 |
_aDLC _cDLC _dDLC |
||
| 050 | 0 | 0 |
_aQA76.9.E95 _bWAT 1986 |
| 100 | 1 |
_aWaterman, D. A. _q(Donald Arthur), _d1986 _eauthor |
|
| 245 | 1 | 2 |
_aA guide to expert systems / _cDonald A. Waterman. |
| 250 | _a1st ed. | ||
| 260 |
_aReading, Mass. : _bAddison-Wesley, _cc1986. |
||
| 300 |
_axviii, 419 p. : _bill. ; _c25 cm. |
||
| 440 | 4 | _aThe Teknowledge series in knowledge engineering | |
| 500 | _aIncludes index | ||
| 504 | _aIncludes bibliographies and index. | ||
| 650 | 0 | _aExpert systems (Computer science) | |
| 906 |
_a7 _bcbc _corignew _d1 _eocip _f19 _gy-gencatlg |
||
| 942 |
_2lcc _cBK _h76.76 _iWAT _kQA |
||